Statistics for Day #71: Countries 7100 km away from Guinea-Bissau

Click here to take the quiz!

General Stats

  • This quiz has been taken 9 times
  • The average score is 19 of 20

Answer Stats

Answer% Correct
Argentina
100%
Canada
100%
Chile
100%
Colombia
100%
Ecuador
100%
Finland
100%
Iran
100%
Kazakhstan
100%
Norway
100%
Peru
100%
Russia
100%
United States of America
100%
Azerbaijan
88%
Cuba
88%
Panama
88%
Qatar
88%
Saudi Arabia
88%
Yemen
88%
Comoros
75%
Somalia
63%

Score Distribution

Percentile by Number Answered

Percent of People with Each Score

Your Score History

You have not taken this quiz